[Event "EU-Cup 38th"]
[Site "Durres"]
[Date "2023.10.01"]
[Round "1.4"]
[White "Murphy, Hugh"]
[Black "Movsesian, Sergei"]
[Result "0-1"]
[WhiteElo "2028"]
[BlackElo "2606"]
[PlyCount "48"]
[EventDate "2023.10.01"]
[EventType "team-swiss"]
[EventRounds "7"]
[EventCountry "ALB"]
[SourceTitle "CBM 216 Extra"]
[Source "ChessBase"]
[SourceDate "2023.11.30"]
[SourceVersion "1"]
[SourceVersionDate "2023.11.30"]
[SourceQuality "1"]
[WhiteTeam "Slough Sharks"]
[BlackTeam "Asnieres"]
[WhiteTeamCountry "ENG"]
[BlackTeamCountry "FRA"]

1. d4 Nf6 2. Nf3 d6 3. Nc3 Bf5 4. Nh4 Bd7 5. e4 e5 6. Nf3 exd4 7. Nxd4 g6 8. g3 Bg7 9. Bg2 0-0 10. 0-0 Nc6 11. Nde2 Re8 12. h3 b5 13. f3 b4 14. Nd5 Nxd5 15. exd5 Na5 16. a3 Qb8 17. axb4 Qxb4 18. c3 Qb6+ 19. Kh2 Nb3 20. Ra3 Nxc1 21. Nxc1 Qxb2 22. Rb3 Qa1 23. Nd3 Qxd1 24. Rxd1 Ba4 0-1